Central Library OPAC University of Rajshahi

The recruitment, selection, and training of social scientists / (Record no. 33293)

MARC details
000 -LEADER
fixed length control field 00948nam a22003011 4500
001 - CONTROL NUMBER
control field 33293
003 - CONTROL NUMBER IDENTIFIER
rucl marc code BD-RjUL
005 - DATE AND TIME OF LATEST TRANSACTION
control field 20211209052000.0
008 - FIXED-LENGTH DATA ELEMENTS--GENERAL INFORMATION
fixed length control field 140507s1948 nyu 001 0 eng
035 ## - SYSTEM CONTROL NUMBER
System control number (BD-RjUL)33384
System control number (OCoLC)1125364
040 ## - CATALOGING SOURCE
Original cataloging agency DLC
Transcribing agency OU
Modifying agency FTaSU
-- DLC
-- BD-RjUL
Language of cataloging eng
041 ## - LANGUAGE CODE
Language code of text/sound track or separate title eng
082 ## - DEWEY DECIMAL CLASSIFICATION NUMBER
Classification number 300
Author mark and year SIR 1948
100 1# - MAIN ENTRY--PERSONAL NAME
Personal name Sibley, Elbridge,
Dates associated with a name 1903-1994.
9 (RLIN) 101101
245 04 - TITLE STATEMENT
Title The recruitment, selection, and training of social scientists /
Statement of responsibility, etc. by Elbridge Sibley
260 ## - PUBLICATION, DISTRIBUTION, ETC. (IMPRINT)
Place of publication, distribution, etc. New York :
Name of publisher, distributor, etc. Social Science Research Council,
Date of publication, distribution, etc. 1948
300 ## - PHYSICAL DESCRIPTION
Pagination xv, 163 p. :
Illustrations ill. ;
Size 23 cm.
490 1# - SERIES STATEMENT
Series statement Bulletin,
Volume/sequential designation 58
504 ## - BIBLIOGRAPHY, ETC. NOTE
Bibliography, etc Includes index.
650 #0 - SUBJECT ADDED ENTRY--TOPICAL TERM
Topical term or geographic name as entry element Social sciences
General subdivision Study and teaching.
9 (RLIN) 16681
Topical term or geographic name as entry element Social scientists.
9 (RLIN) 95426
830 #0 - SERIES ADDED ENTRY--UNIFORM TITLE
Volume number/sequential designation 58.
Uniform title Bulletin (Social Science Research Council (U.S.)) ;
942 ## - ADDED ENTRY ELEMENTS (KOHA)
Source of classification or shelving scheme Dewey Decimal Classification
Koha item type Books
Holdings
Lost status Source of classification or shelving scheme Damaged status Not for loan Collection code Permanent Location Current Location Shelving location Date acquired Total Checkouts Full call number Date last seen Copy number Koha item type
  Dewey Decimal Classification   Not For Loan Non-fiction Central Library, University of Rajshahi Central Library, University of Rajshahi Reading Room 07/05/2014   300 SIR 1948 07/05/2014 C-1 Books